| 000 | 00725nam a22002057a 4500 | ||
|---|---|---|---|
| 999 |
_c13118 _d13118 |
||
| 003 | AR-CdUCM | ||
| 008 | 190405b ||||| |||| 00| 0 spa d | ||
| 040 |
_aMUNICIPALIDAD PROVINCIAL DEL CUSCO _cBIBLIOTECA MUNICIPAL DEL CUSCO |
||
| 082 |
_aC / 498.515 / _bR74 |
||
| 100 |
_aRodriguez, Mariano C. _929750 |
||
| 245 | _aGramática de la lengua quechua / | ||
| 260 |
_aCuzco : _bImp. H. G. Rozas,, _c1921. |
||
| 300 |
_a130 páginas ; _c21 cm. |
||
| 505 | _aContenido: Gramática de la lengua Quechua -- Etimología Quechua --Sintaxis Quechua -- Prosodia -- Ortografía Quechua. | ||
| 650 |
_aLengua Quechua _99194 |
||
| 650 |
_aGramática _99175 |
||
| 650 |
_aPerú _935 |
||
| 942 |
_2ddc _cLIBROS |
||
| 945 |
_aacv _d2019-04-11 |
||